| 000 | 02036cam a2200577 i 4500 | ||
|---|---|---|---|
| 001 | 7023 | ||
| 003 | KOSZ 005 | ||
| 005 | 20250610063427.0 | ||
| 008 | 250609s1996 pl a f 001 0 pol | ||
| 015 | _aUWD 1996/3951 | ||
| 020 | _a8320420156 | ||
| 035 | _a991003976099705066 | ||
| 035 | _a(PL-WaBN)b11058055-48omnis_nlop | ||
| 035 | _ab11058055 | ||
| 035 | _a(OCoLC)749247391 | ||
| 035 | _azz2003848199 | ||
| 035 | _a(PL)b0000001105805 | ||
| 035 | _a(EXLNZ-48OMNIS_NETWORK)9910446325905606 | ||
| 040 |
_aWA N _cWA N _dKOSZ 005/RW |
||
| 041 | 1 |
_apol _heng |
|
| 046 | _k1986 | ||
| 080 | _a004.451 | ||
| 080 | _a(07) | ||
| 100 | 1 |
_aBach, Maurice J. _eAutor |
|
| 245 | 1 | 0 |
_aBudowa systemu operacyjnego UNIX / _cMaurice J. Bach ; [z angielskiego przełożyły Mirosława Miłkowska, Janina Mincer-Daszkiewicz. |
| 246 | 1 |
_iTytuł oryginału: _aDesign of the UNIX |
|
| 250 | _aWydanie 2. | ||
| 260 |
_aWarszawa : _bWydawnictwa Naukowo-Techniczne, _c1996. |
||
| 300 |
_a505, [1] stron : _brysunki, wykresy ; _c24 cm. |
||
| 336 |
_aTekst _btxt _2rdacontent |
||
| 337 |
_aBez urządzenia pośredniczącego _bn _2rdamedia |
||
| 338 |
_aWolumin _bnc _2rdacarrier |
||
| 380 | _aKsiążki | ||
| 380 | _aPublikacje dydaktyczne | ||
| 380 | _aPublikacje naukowe | ||
| 385 |
_mPoziom nauczania _aSzkoły wyższe |
||
| 388 | 1 | _a1901-2000 | |
| 388 | 1 | _a1989-2000 | |
| 500 | _aOryginał : "The design of the UNIX" 1986. | ||
| 504 | _aBibliografia na stronach [491]-494. Indeks. | ||
| 650 | 7 |
_aSystemy operacyjne _2DBN |
|
| 650 | 7 |
_aUNIX (system operacyjny) _2DBN |
|
| 655 | 7 |
_aPodręcznik _2DBN |
|
| 658 | _aInformatyka i technologie informacyjne | ||
| 700 | 1 |
_aMiłkowska, Mirosława _eTłumaczenie |
|
| 700 | 1 |
_aMincer-Daszkiewicz, Janina _eTłumaczenie |
|
| 710 | 2 |
_aWydawnictwa Naukowo-Techniczne _4pbl |
|
| 856 |
_uhttps://koha.tu.koszalin.pl/cgi-bin/koha/opac-detail.pl?biblionumber=7023 _yKatalog online BPK |
||
| 942 |
_2UKD _cKS |
||
| 999 |
_c7023 _d7023 |
||